IBONG ADARNA (Record no. 7740)

MARC details
000 -LEADER
fixed length control field 00641nam a22002177a 4500
003 - CONTROL NUMBER IDENTIFIER
control field OSt
005 - DATE AND TIME OF LATEST TRANSACTION
control field 20260123023925.0
008 - FIXED-LENGTH DATA ELEMENTS--GENERAL INFORMATION
fixed length control field 260123b |||||||| |||| 00| 0 eng d
020 ## - INTERNATIONAL STANDARD BOOK NUMBER
International Standard Book Number 9716493630
040 ## - CATALOGING SOURCE
Original cataloging agency DWCL GS lib
Transcribing agency OC
082 ## - DEWEY DECIMAL CLASSIFICATION NUMBER
Classification number Prof. 808.8 A345i 2006
100 ## - MAIN ENTRY--PERSONAL NAME
Personal name Guimarie, Aida M.
245 ## - TITLE STATEMENT
Title IBONG ADARNA
Statement of responsibility, etc. Aida M. Guimarie
260 ## - PUBLICATION, DISTRIBUTION, ETC.
Place of publication, distribution, etc. [place of publication not identified]
Name of publisher, distributor, etc. Amos Books, Inc.
Date of publication, distribution, etc. c2006.
300 ## - PHYSICAL DESCRIPTION
Extent vii, 232 pages:
Other physical details illustrations ;
Dimensions 23cm.
546 ## - LANGUAGE NOTE
Language note Filipino
650 ## - SUBJECT ADDED ENTRY--TOPICAL TERM
Topical term or geographic name entry element Folklore
650 ## - SUBJECT ADDED ENTRY--TOPICAL TERM
Topical term or geographic name entry element Philippines Juvenile literature
700 ## - ADDED ENTRY--PERSONAL NAME
Personal name Aida M. Guimarie
942 ## - ADDED ENTRY ELEMENTS (KOHA)
Source of classification or shelving scheme Dewey Decimal Classification
Koha item type Professional Collections
Classification part Prof.
Suppress in OPAC No
952 ## - LOCATION AND ITEM INFORMATION (KOHA)
--
Holdings
Withdrawn status Lost status Source of classification or shelving scheme Damaged status Not for loan Home library Current library Shelving location Date acquired Source of acquisition Cost, normal purchase price Total Checkouts Full call number Barcode Date last seen Copy number Price effective from Koha item type Uniform Resource Identifier
    Dewey Decimal Classification     Grade School Library Grade School Library Professional 11/19/2024 School Fund, Donation 185.00   Prof. 808.8 A345i 2006 23817 01/23/2026 c1 01/23/2026 PROF.